000 00879 a2200205 4500
001 57936
005 20260407155839.0
008 260407a arg spa d
003 AR-UNSa-BCEJYS
040 _aAR-UNSa-BCEJYS
_bspa
_cAR-UNSa-BCEJYS
080 _a338.2(82)
_xPolítica económica. Control de la economía. Gestión de la economía. Planificación económica en Argentina
245 1 0 _aCrisis Provinciales
_pMás allá de la eficiencia del Estado¿Existe el Federalismo?
264 1 _aBuenos Aires :
_bFundación Friedrich Ebert
300 _a38 p.
_c21 cm.
505 _a1. Introducción – 2. Los fenómenos más evidentes de la crisis y sus niveles inmediatos de explicación – 3. Propuestas y razones – 4. ¿Subsiste el federalismo?
942 _cBK
590 _aniveau_biblio:m niveau_hierar:0
100 1 _aMarqués, Nora
700 1 _aRofman, Alejandro
999 _c6334
_d6334